Approaches: a language activation course for intermediate students
שמור ב:
| Main Authors: | , |
|---|---|
| פורמט: | ספר |
| שפה: | אנגלית |
| יצא לאור: |
Cambridge
Cambridge University
1979
|
| סדרה: | Cambridge English Language Learning
|
| נושאים: | |
| תגים: |
הוספת תג
אין תגיות, היה/י הראשונ/ה לתייג את הרשומה!
|
MARC
| LEADER | 00000cam a2200000 a 4500 | ||
|---|---|---|---|
| 001 | UCG8422 | ||
| 003 | CL-VaPUC | ||
| 008 | 111212e19790000UK |||||||||||||||||eng|d | ||
| 082 | 0 | 4 | |a 428.07 |b JOH |2 21 |
| 100 | |a Johnson, Keith |e author |9 580621 | ||
| 700 | |a Morrow, Keith |e author |9 567981 | ||
| 245 | 1 | 0 | |a Approaches: a language activation course for intermediate students |
| 300 | |a 124 p | ||
| 942 | |c BK | ||
| 945 | |d 20111212 00:00:00 |a cmena | ||
| 260 | |a Cambridge |b Cambridge University |c 1979 | ||
| 650 | 0 | |a Educación lingüística |9 306506 | |
| 650 | 0 | |a Inglés |9 260023 | |
| 650 | 0 | |a Métodos de enseñanza |9 270413 | |
| 583 | |a last modification |c 20111212 13:13:00 |k Rodrigo Vera | ||
| 490 | 0 | |a Cambridge English Language Learning | |
| 999 | |c 346032 |d 346030 | ||
| 952 | |0 0 |1 0 |4 0 |6 428_070000000000000_JOH_1979 |7 0 |8 A |9 446500 |a BIBEDU |b BIBEDU |d 2019-11-22 |i 4809793 |o 428.07 JOH 1979 |p 4809793 |r 2019-11-22 |w 2019-11-22 |y BK |k LIT | ||